Biggest City Per State - Statistics

General Stats
  • This quiz has been taken 13 times
  • The average score is 45 of 50
Answer Stats
State City Population % Correct
Alaska Anchorage 291,538
100%
Georgia Atlanta 504,527
100%
Maryland Baltimore 599,827
100%
Idaho Boise 228,790
100%
Massachusetts Boston 699,927
100%
Illinois Chicago 2,705,994
100%
Ohio Columbus 895,477
100%
Colorado Denver 716,492
100%
Michigan Detroit 672,662
100%
Hawaii Honolulu 347,397
100%
Texas Houston 2,325,502
100%
Indiana Indianapolis 867,125
100%
Mississippi Jackson 164,422
100%
Florida Jacksonville 903,889
100%
California Los Angeles 3,994,928
100%
New York New York City 8,879,928
100%
Oklahoma Oklahoma City 649,021
100%
Pennsylvania Philadelphia 1,587,828
100%
Arizona Phoenix 1,660,272
100%
Rhode Island Providence 179,335
100%
Utah Salt Lake City 200,591
100%
New Mexico Albuquerque 560,218
90%
Alabama Birmingham 208,928
90%
South Carolina Charleston 136,208
90%
West Virginia Charleston 47,215
90%
North Carolina Charlotte 881,819
90%
Wyoming Cheyenne 63,957
90%
Missouri Kansas City 507,928
90%
Nevada Las Vegas 647,829
90%
Arkansas Little Rock 197,881
90%
Kentucky Louisville 620,578
90%
Minnesota Minneapolis 427,728
90%
Tennessee Nashville 681,928
90%
New Jersey Newark 282,090
90%
Louisiana New Orleans 339,187
90%
Maine Portland 66,417
90%
Oregon Portland 661,189
90%
Montana Billings 116,927
80%
Iowa Des Moines 216,853
80%
Wisconsin Milwaukee 592,025
80%
Nebraska Omaha 468,262
80%
Washington Seattle 749,627
80%
South Dakota Sioux Falls 181,883
80%
Kansas Wichita 389,225
80%
Connecticut Bridgeport 144,900
70%
North Dakota Fargo 124,844
70%
Virginia Virginia Beach 450,189
70%
Vermont Burlington 42,899
60%
Delware Wilmington 70,635
60%
New Hampshire Manchester 112,525
50%
No matching quizzes found
Score Distribution
Percent of People with Each Score
Percentile by Number Answered
Your Score History
You have not taken this quiz